| 000 | 00415nam a22001697a 4500 | ||
|---|---|---|---|
| 005 | 20181006120957.0 | ||
| 008 | 160630b xxu||||| |||| 00| 0 eng d | ||
| 020 | _a978-93-5014-267-7 | ||
| 041 | _aeng | ||
| 082 | _b19565 | ||
| 100 |
_aSingh, Prabin _93286 |
||
| 245 | _aEngineering & General Geology | ||
| 260 |
_bS.K. Kataria & Sons _c2013 |
||
| 300 | _a584 | ||
| 650 |
_aDiploma Engineering _9817 |
||
| 942 | _cBK | ||
| 999 |
_c4890 _d4888 |
||